000 01070nam a22003857a 4500
001 BR0204531
003 BR-BrBNA
005 20230928101145.0
007 ta
008 230509b bl.||||| |||| 00| 0 por d
040 _aBR-BrBNA
_bpor
_cBiblioteca Nacional de Agricultura
041 _a(Por)
072 _aT10; E50
090 _ T10 BR0204531
100 1 _aMeirelles, C.E.
100 1 _aRobin, P.
100 1 _aBelluomini, H.E.
100 1 _aLima, V.E. de
100 1 _aSeki, C.T.
100 1 _aZuchi, P.S.
100 1 _aTavares, G.C.
100 1 _aPires, K. da S.M.
110 1 _aFundação Jorge Duprat Figueiredo de Segurança e Medicina do Trabalho, São Paulo, SP (Brasil)
_94980
245 1 _aManual de prevenção de acidentes na pecuária
260 3 _aSão Paulo, SP (Brasil):
_c1988.
300 _a73 p.
500 _a36 ref.; 68 illus.
650 _aPECUÁRIA
650 _aPREVENÇÃO DE ACIDENTE
650 _aSAÚDE
650 _aDOENÇA
650 _aSEGURO RURAL
909 _a202309
_bLucia
_c55
_dLucia Elande
942 _cBK
999 _c64509
_d64509